000 00752cam a2200217 a 4500
999 _c58272
_d58272
001 3875090
005 20211019114950.0
008 890112s2007 cau b 001 0 eng
020 _a9788779897571
041 _aeng
080 _a299 H-88
100 1 _aHubbard, L. Ron
_q
_d
_912506
245 1 2 _aScientology :
_cL. Ron Hubbard.
_bA new slant on life /
264 _aLos Angeles :
_bNew Era,
_c2007.
300 _a373 p. ;
_c25 cm.
440 _aA Scientology Publication
_912670
653 _aScientology: A New Slant on Life
653 _aსაიენტოლოგია: ახალი მიმართულება ცხოვრებაზე
942 _2udc
_cBK
955 _aby35 01-12-89; bx00 to ba00 01-25-89; fd02 02-14-89